00685cam a22002294a 4500001000500000005001700005020001800022040002300040050001300063082000800076100001900084245004200103260004000145300004800185490003700233505000800270520008400278521002000362521002000382650003700402650001600439358620241024095950.0 a9780516235950 aDLCcDLCdDLCbeng00aQA40.A5200a5101 aAmato, William10aMath at the store /cby William Amato aNew York :bChildren's Press,c2002 a24 pages : bcolor illustrations ;c16 cm . a Welcome Books: Math in My World aF  aSimple text and pictures show how math can be used in buying food at the store. a310 bLexile  aF bRaz-Plus  0aMathematicsvJuvenile literature 1aMathematics